Bravo - The Hits 2001 - Statistiken

Allgemein
  • Dieses Quiz wurde 107 mal gespielt
  • Das Durchschnittsergebnis liegt bei 9 aus 40
Antwortstatistiken
Song Interpret % Korrekt
Stan Eminem feat. Dido
76%
L'amour toujours Gigi D'Agostino
67%
Daylight In Your Eyes No Angels
66%
Only Time Enya
57%
Teenage Dirtbag Wheatus
50%
Played-A-Live (The Bongo Song) Safri Duo
37%
One More Time Daft Punk
35%
Miss California Dante Thomas feat. Pras
35%
Country Roads Hermes House Band
35%
You're My Mate Right Said Fred
35%
Independent Women Part I Destiny's Child
34%
Beautiful Day U2
33%
Follow Me Uncle Kracker
33%
Ain't It Funny Jennifer Lopez
31%
Family Affair Mary J. Blige
31%
Let Me Blow Ya Mind Eve feat. Gwen Stefani
24%
Crying At The Discoteque Alcazar
22%
Daddy DJ Daddy DJ
22%
Overload Sugababes
22%
Gravel Pit Wu-Tang Clan
21%
Lovin' Each Day Ronan Keating
17%
Geh davon aus... Söhne Mannheims
17%
Turn The Tide Sylver
16%
How It's Got To Be Jeanette
14%
All Or Nothing O-Town
13%
Here She Comes Again Sasha
12%
Perfect Gentleman Wyclef Jean
12%
Little L Jamiroquai
9%
Nobody Wants To Be Lonely Ricky Martin
9%
Club Bizarre Brooklyn Bounce
8%
Mitternacht E Nomine
8%
Dream On Depeche Mode
7%
In The Air Tonite Lil' Kim feat. Phil Collins
6%
Ante Up MOP* feat. Funkmaster
6%
Dream Of You Schiller mit Heppner
6%
One Wild Night Bon Jovi
5%
In Control Die Toten Hosen
5%
Be.Angeled Jam & Spoon feat. Rea
5%
Someday... DJ's @ Work
2%
Sweet Baby Macy Gray feat. Erykah Badu
2%
Keine übereinstimmenden Quizze gefunden
Verteilung der Resultate
Anzahl Personen mit jedem Resultat
Perzentil nach korrekt beantworteten Fragen
Ihre Resultats-Entwicklung
Sie haben dieses Quiz noch nicht gespielt